Consejos de salud (Record no. 166238)

MARC details
000 -LEADER
campo de control de longitud fija 00762nam a22001935i 4500
001 - NÚMERO DE CONTROL
campo de control 166238
003 - IDENTIFICADOR DE NÚMERO DE CONTROL
campo de control ES-MaACL
005 - FECHA Y HORA DE LA ÚLTIMA TRANSACCIÓN
campo de control 20250806013244.0
008 - DATOS DE LONGITUD FIJA--INFORMACIÓN GENERAL
campo de control de longitud fija 990226s1876 fr |||| | spa d
040 ## - FUENTE DE CATALOGACIÓN
Centro catalogador/agencia de origen CCPB | B
Lengua de catalogación spa
Centro/agencia transcriptor CCPB | B
100 1# - ENTRADA PRINCIPAL--NOMBRE DE PERSONA
Nombre de persona Thevenet.
9 (RLIN) 133209
245 10 - MENCIÓN DEL TÍTULO
Título Consejos de salud
Resto del título : guia práctica de las familias y primeros auxilios que hay que administrar en caso de accidente mientras se espera la visita del médico /
Mención de responsabilidad, etc. por el doctor Thevenet.
260 ## - PUBLICACIÓN, DISTRIBUCIÓN, ETC.
Lugar de publicación, distribución, etc. Paris :
Nombre del editor, distribuidor, etc. [s.n.],
Fecha de publicación, distribución, etc. 1876 (
Fabricante Imprenta Jules Claye)
300 ## - DESCRIPCIÓN FÍSICA
Extensión 100 p. ;
Dimensiones 15 cm.
650 #7 - PUNTO DE ACCESO ADICIONAL DE MATERIA--TÉRMINO DE MATERIA
Término de materia o nombre geográfico como elemento de entrada Medicina de urgencia
Fuente del encabezamiento o término embne
9 (RLIN) 136479
752 ## - ENTRADA AGREGADA--NOMBRE JERÁRQUICO DEL LUGAR
País o entidad superior Francia -
Ciudad París
852 ## - LOCALIZACIÓN
Ubicación ES-MaACL
Número de control de estantería Fol-Laf-540
Nota libre -- Rúst.
-- -- Legado de Modesto de la Fuente
Holdings
Estatus retirado Estado de pérdida Estado de daño No para préstamo Colección Biblioteca de origen Biblioteca actual Ubicación en estantería Fecha de adquisición Fuente de adquisición Total de préstamos Signatura topográfica completa Código de barras Visto por última vez Precio de reemplazo Tipo de ítem Koha
        Colección de folletos Biblioteca del Ateneo de Madrid Biblioteca del Ateneo de Madrid Depósito folletos 17/01/2008     Fol-Laf-540 1174338 23/02/2023 23/02/2023 Folleto